LEADER 01115nam0 22003131i 450 001 RML0294650 005 20231121125739.0 010 $a8834375939 100 $a20121121d1988 ||||0itac50 ba 101 | $aita 102 $ait 181 1$6z01$ai $bxxxe 182 1$6z01$an 200 1 $aProblemi di storia medievale$fAnnamaria Ambrosioni, Pietro Zerbi 205 $a4. ed 210 $aMilano $cVita e pensiero $d1988 215 $a245 p.$d25 cm 606 $aStoria medievale$2FIR$3RMLC003978$9E 676 $a940.1$9Storia generale d'Europa. Fino al 1453$v21 700 1$aAmbrosioni$b, Annamaria$3RMLV190304$0173878 701 1$aZerbi$b, Pietro$3RMLV170545$0198237 801 3$aIT$bIT-01$c20121121 850 $aIT-FR0017 899 $aBiblioteca umanistica Giorgio Aprea$bFR0017 912 $aRML0294650 950 0$aBiblioteca umanistica Giorgio Aprea$d 52CIS 10/810$e 52VM 0000643405 VM barcode:00049891. - Inventario:12308 FLSVM$fA $h20061108$i20121204 977 $a 52 996 $aProblemi di storia medievale$91447864 997 $aUNICAS